000 00635nam a2200241 i 4500
001 C2-0229998
003 PPAK
005 20180728160551.0
008 001022s my a|||| ||||| | may d
040 _aPPAK
_beng
_cPPAK
_erda
082 0 4 _a899.23
_223
090 0 0 _a899.23
_bMUH
_dKIH
090 0 0 _a899.23
_bMUH
_dKSA
100 0 _aMuhammad Hj. Salleh,
_eauthor
245 1 0 _aPuisi dan esei kritikan
264 1 _aKuala Lumpur :
300 _aJil. :
_billustrations ;
_c28 cm
336 _2rdacontent
_atext
337 _2rdamedia
_aunmediated
338 _2rdacarrier
_avolume
650 1 0 _aMalay literature
942 _ddc
_cB
999 _c149506
_d149506